000 00441nam a2200157Ia 4500
001 64398
008 210317n2019 ii |||gr||||Z||||||465
020 _a9789386456144
082 _a346.048
100 _aBhandari,MK,
_eAuthor.,
245 0 _aLaw relating to Intelectual property rights
_cMK Bhandari
_hTextual Documents
250 _a5th.
260 _aAllahabad
_bCentral Law Publication
_c2019
300 _a405p.:
_c24cm.
942 _2ddc
_cBK
999 _c65498
_d65498